000
00351nam a2200157Ia 4500
005
20250423100522.0
008
250422s9999 xx 000 0 und d
020
_a
0742-1796
050
_a
R 74 .B493/
245
0
_a
Physician- Assisted death
260
_a
New Jersey
260
_b
Humana Press
260
_c
1994
300
_a
155 p
942
_c
BK
999
_c
33551
_d
33551